[Event "Ljubljana op"]
[Site "Ljubljana"]
[Date "2024.04.27"]
[Round "1"]
[White "Preda, Emma Maria"]
[Black "Srebrnic, Vojko"]
[Result "0-1"]
[WhiteElo "1513"]
[BlackElo "2069"]
[PlyCount "90"]
[EventDate "2024.04.27"]
[EventType "swiss"]
[EventRounds "9"]
[EventCountry "SLO"]
[SourceTitle "CBM 220 Extra"]
[Source "ChessBase"]
[SourceDate "2024.07.31"]
[SourceVersion "1"]
[SourceVersionDate "2024.07.31"]
[SourceQuality "1"]

1. d4 Nf6 2. c4 d6 3. Nc3 e5 4. dxe5 dxe5 5. Qxd8+ Kxd8 6. Bg5 Be6 7. e4 Nbd7 8. Nf3 c6 9. Rd1 Kc7 10. a3 a5 11. Be2 Bc5 12. h3 h6 13. Bh4 Nh7 14. Bg3 f6 15. Nd2 Ng5 16. f4 exf4 17. Bxf4+ Ne5 18. Na4 Bd6 19. Be3 Nd7 20. 0-0 Nf7 21. c5 Be7 22. Bc4 Bxc4 23. Nxc4 Nfe5 24. Ncb6 Rad8 25. Rd2 Nxb6 26. cxb6+ Kc8 27. b3 Rxd2 28. Bxd2 Rd8 29. Bxa5 Rd3 30. Nc3 Bxa3 31. Rd1 Rxd1+ 32. Nxd1 Bc5+ 33. Kh2 Nd7 34. Kg3 Nxb6 35. Bxb6 Bxb6 36. Kf3 Bd4 37. Ke2 Kd7 38. Kd3 c5 39. b4 Kc6 40. g4 Kb5 41. bxc5 Kxc5 42. h4 b5 43. g5 h5 44. g6 b4 45. Kc2 Kc4 0-1

[Event "Novo Mesto op"]
[Site "Novo Mesto"]
[Date "2023.10.31"]
[Round "5"]
[White "Brilej, Jaka"]
[Black "Srebrnic, Vojko"]
[Result "1-0"]
[WhiteElo "2323"]
[BlackElo "2002"]
[PlyCount "189"]
[EventDate "2023.10.28"]
[EventType "swiss"]
[EventRounds "9"]
[EventCountry "SLO"]
[SourceTitle "CBM 217 Extra"]
[Source "ChessBase"]
[SourceDate "2024.01.31"]
[SourceVersion "1"]
[SourceVersionDate "2024.01.31"]
[SourceQuality "1"]

1. d4 Nf6 2. c4 e6 3. Nc3 Bb4 4. Bd2 0-0 5. Nf3 b6 6. e3 Bb7 7. Bd3 d5 8. cxd5 exd5 9. 0-0 Nbd7 10. Rc1 Re8 11. Nb5 Bxd2 12. Nxd2 Ba6 13. Qa4 Bxb5 14. Bxb5 c5 15. Nf3 Re7 16. dxc5 Nxc5 17. Qa3 Rc8 18. h3 Rec7 19. b4 Ne6 20. Ba6 Rxc1 21. Rxc1 Rxc1+ 22. Qxc1 Qc7 23. Qd2 h6 24. Bf1 Qd6 25. a3 Ne4 26. Qc2 Qc7 27. Qb3 Nf6 28. Qa4 Kf8 29. b5 Ne4 30. Qb3 Nf6 31. Qb2 Ne4 32. Ne5 Qc3 33. Qxc3 Nxc3 34. Nc6 Nb1 35. Nxa7 Nxa3 36. Nc8 d4 37. Nxb6 dxe3 38. fxe3 Nc7 39. Nd7+ Ke7 40. b6 Kxd7 41. b7 Na6 42. Bxa6 Kc7 43. Kf2 Nc2 44. Kf3 Nb4 45. Bc4 Kxb7 46. Bxf7 Kc7 47. Ke4 Kd6 48. Kf5 Ke7 49. Bb3 Nd3 50. g4 Nc5 51. Bc4 Nd7 52. Bb5 Nf8 53. Bc4 g6+ 54. Ke5 Nd7+ 55. Kd5 Nf6+ 56. Kd4 Nh7 57. h4 Nf6 58. Be2 Ke6 59. Bf3 g5 60. h5 Nd7 61. Be4 Kf6 62. Bf5 Ne5 63. Kd5 Nf7 64. Bd3 Ne5 65. Be2 Nf7 66. Bf3 Ne5 67. Bd1 Nf7 68. Be2 Ne5 69. Kd6 Nf7+ 70. Kd7 Ne5+ 71. Ke8 Kg7 72. Ke7 Nc6+ 73. Kd6 Nd8 74. e4 Nf7+ 75. Ke7 Ne5 76. Ke6 Nc6 77. Bd1 Nd8+ 78. Kd5 Kf6 79. e5+ Ke7 80. Ke4 Ne6 81. Kf5 Nf4 82. Bb3 Ng2 83. Kg6 Ne3 84. Kxh6 Nxg4+ 85. Kg7 Ne3 86. Bd5 g4 87. Be4 g3 88. Kg6 Ke6 89. h6 Ng4 90. h7 Nxe5+ 91. Kg7 Nf7 92. Bg2 Ke7 93. Bh3 Ke8 94. Be6 Ke7 95. Bd5 1-0

[Event "Novo Mesto op"]
[Site "Novo Mesto"]
[Date "2023.10.31"]
[Round "6"]
[White "Srebrnic, Vojko"]
[Black "Zirkelbach, Maj"]
[Result "1-0"]
[WhiteElo "2002"]
[BlackElo "2277"]
[PlyCount "119"]
[EventDate "2023.10.28"]
[EventType "swiss"]
[EventRounds "9"]
[EventCountry "SLO"]
[SourceTitle "CBM 217 Extra"]
[Source "ChessBase"]
[SourceDate "2024.01.31"]
[SourceVersion "1"]
[SourceVersionDate "2024.01.31"]
[SourceQuality "1"]

1. e4 e5 2. Nc3 Nc6 3. Bc4 Nf6 4. d3 Na5 5. Nge2 Nxc4 6. dxc4 Be7 7. 0-0 0-0 8. Ng3 Re8 9. Be3 d6 10. f3 Be6 11. Qd3 c6 12. Rfd1 Qc7 13. Qe2 Rad8 14. a4 Qa5 15. Rdb1 d5 16. cxd5 cxd5 17. exd5 Nxd5 18. Nxd5 Rxd5 19. c4 Rd7 20. Ne4 Qb4 21. b3 a5 22. Bd2 Qb6+ 23. Be3 Qc6 24. Rd1 f5 25. Rxd7 Bxd7 26. Nc3 e4 27. Nd5 Bc5 28. f4 Be6 29. Bxc5 Qxc5+ 30. Qe3 Qd6 31. Rd1 Qa3 32. h3 Kf7 33. Nc7 Re7 34. Nb5 Qb2 35. Nd6+ Kf8 36. Qa7 g6 37. Qb8+ Kg7 38. Qd8 Qf6 39. Ne8+ Rxe8 40. Qxe8 e3 41. Qd8 Qf7 42. Qd4+ Kh6 43. Qxe3 Bd7 44. Re1 Qf6 45. Kh2 Bc6 46. Qg3 Be4 47. Rd1 Qe7 48. h4 Kg7 49. Qg5 Qc7 50. h5 Bc6 51. c5 Qf7 52. h6+ Kf8 53. Rd6 Kg8 54. Qf6 Qxf6 55. Rxf6 Bd5 56. Rb6 Kf7 57. Kh3 Bc6 58. b4 axb4 59. Rxb4 Ke6 60. Rd4 1-0

[Event "Novo Mesto op"]
[Site "Novo Mesto"]
[Date "2023.10.28"]
[Round "1"]
[White "Vogrin, Aljaz"]
[Black "Srebrnic, Vojko"]
[Result "0-1"]
[WhiteElo "1633"]
[BlackElo "2002"]
[PlyCount "116"]
[EventDate "2023.10.28"]
[EventType "swiss"]
[EventRounds "9"]
[EventCountry "SLO"]
[SourceTitle "CBM 217 Extra"]
[Source "ChessBase"]
[SourceDate "2024.01.31"]
[SourceVersion "1"]
[SourceVersionDate "2024.01.31"]
[SourceQuality "1"]

1. d4 Nf6 2. c4 d6 3. Nc3 e5 4. dxe5 dxe5 5. Qxd8+ Kxd8 6. Nf3 Nfd7 7. g3 f6 8. Bg2 c6 9. 0-0 Kc7 10. Be3 Bc5 11. Bxc5 Nxc5 12. b4 Ne6 13. Rfd1 Rd8 14. Rxd8 Nxd8 15. Nd2 Be6 16. c5 Nd7 17. a3 a5 18. Rb1 axb4 19. axb4 Nf7 20. Be4 f5 21. Bc2 Ra3 22. Bb3 Bxb3 23. Rxb3 Ra1+ 24. Rb1 Rxb1+ 25. Ndxb1 b6 26. cxb6+ Nxb6 27. Kf1 Nd6 28. Ke1 Nbc4 29. Nd2 Na3 30. Kd1 Nab5 31. Nxb5+ cxb5 32. Kc2 Kc6 33. Kd3 Kd5 34. f3 e4+ 35. fxe4+ fxe4+ 36. Kc3 Nf5 37. Nb3 Ne3 38. h3 h5 39. Nc5 Nf1 40. g4 hxg4 41. hxg4 g5 42. Nd7 Ne3 43. Nf6+ Ke5 44. Nh7 Kf4 45. Kd4 Nxg4 46. Kc5 Ne5 47. Kxb5 g4 48. Nf6 g3 49. Nd5+ Kg4 50. Kc5 Kh4 51. Nf4 Kg4 52. Ng2 Kh3 53. Ne1 Kg4 54. Kd4 Nf3+ 55. exf3+ exf3 56. Ke3 f2 57. Ke2 fxe1Q+ 58. Kxe1 Kh3 0-1

[Event "Portoroz op 14th"]
[Site "Portoroz"]
[Date "2023.07.17"]
[Round "4"]
[White "Olenik Campa, Rudi"]
[Black "Srebrnic, Vojko"]
[Result "1/2-1/2"]
[WhiteElo "2327"]
[BlackElo "2013"]
[PlyCount "56"]
[EventDate "2023.07.15"]
[EventType "swiss"]
[EventRounds "9"]
[EventCountry "SLO"]
[SourceTitle "CBM 215 Extra"]
[Source "ChessBase"]
[SourceDate "2023.09.30"]
[SourceVersion "1"]
[SourceVersionDate "2023.09.30"]
[SourceQuality "1"]

1. Nf3 Nf6 2. g3 b6 3. Bg2 Bb7 4. 0-0 e6 5. d3 d5 6. Nbd2 Be7 7. c3 0-0 8. Qc2 Nbd7 9. e4 dxe4 10. dxe4 Nc5 11. Nd4 e5 12. Nf5 Re8 13. b4 Qd3 14. Nxe7+ Rxe7 15. Qxd3 Nxd3 16. Ba3 Rd7 17. Rad1 a5 18. b5 g5 19. f3 h5 20. Nc4 Rad8 21. Ne3 Kh7 22. Bh3 g4 23. fxg4 Nxe4 24. gxh5 Nxc3 25. Rd2 Ne4 26. Rc2 Ng5 27. Bxd7 Rxd7 28. Rf5 Nf3+ 1/2-1/2

[Event "Portoroz op 14th"]
[Site "Portoroz"]
[Date "2023.07.16"]
[Round "3"]
[White "Kolesar, Milan"]
[Black "Srebrnic, Vojko"]
[Result "1/2-1/2"]
[WhiteElo "2078"]
[BlackElo "2013"]
[PlyCount "63"]
[EventDate "2023.07.15"]
[EventType "swiss"]
[EventRounds "9"]
[EventCountry "SLO"]
[SourceTitle "CBM 215 Extra"]
[Source "ChessBase"]
[SourceDate "2023.09.30"]
[SourceVersion "1"]
[SourceVersionDate "2023.09.30"]
[SourceQuality "1"]

1. Nf3 c5 2. c4 g6 3. d4 cxd4 4. Nxd4 Nc6 5. e4 Nf6 6. Nc3 d6 7. Be2 Nxd4 8. Qxd4 Bg7 9. Be3 0-0 10. Qd2 a5 11. f3 a4 12. 0-0 Be6 13. Rab1 Qa5 14. Nd5 Nxd5 15. Qxa5 Rxa5 16. cxd5 Bd7 17. Rfc1 Rc8 18. Rxc8+ Bxc8 19. Rc1 Ra8 20. Rc2 e6 21. Bc4 Bd7 22. dxe6 fxe6 23. Rd2 b5 24. Bf1 Ra6 25. Bf4 Bf8 26. Kf2 Kf7 27. a3 Ke7 28. Bg5+ Ke8 29. h4 Rb6 30. Be3 Rb8 31. Bf4 Rb6 32. Be3 1/2-1/2

[Event "Portoroz op 14th"]
[Site "Portoroz"]
[Date "2023.07.15"]
[Round "1"]
[White "Srebrnic, Vojko"]
[Black "Sever, Gasper"]
[Result "1-0"]
[WhiteElo "2013"]
[BlackElo "1327"]
[PlyCount "77"]
[EventDate "2023.07.15"]
[EventType "swiss"]
[EventRounds "9"]
[EventCountry "SLO"]
[SourceTitle "CBM 215 Extra"]
[Source "ChessBase"]
[SourceDate "2023.09.30"]
[SourceVersion "1"]
[SourceVersionDate "2023.09.30"]
[SourceQuality "1"]

1. e4 e5 2. Bc4 Nf6 3. d3 h6 4. Nc3 Nc6 5. f4 Bc5 6. Nf3 d6 7. Na4 Bb6 8. Nxb6 axb6 9. a3 Qe7 10. f5 Na5 11. Ba2 Bd7 12. 0-0 c5 13. Qe2 0-0-0 14. Bd2 Nc6 15. Rae1 g6 16. fxg6 fxg6 17. c3 Nh5 18. Rf2 g5 19. Nh4 Nf4 20. Bxf4 gxh4 21. Be3 h5 22. Rf7 Qe8 23. Bg5 Be6 24. Bxe6+ Qxe6 25. Qf2 Rdg8 26. Bxh4 Kb8 27. Rf1 Ka7 28. Rf6 Qg4 29. Kh1 Rh7 30. h3 Qg7 31. Rxd6 Rh6 32. Rxh6 Qxh6 33. b4 Qd6 34. Qe3 Ne7 35. Bxe7 Qxe7 36. Rf2 cxb4 37. axb4 h4 38. Ra2+ Kb8 39. Qxb6 1-0

[Event "SLO-chT1 West"]
[Site "Slovenia"]
[Date "2022.10.16"]
[Round "6.4"]
[White "Zupan, Gorazd"]
[Black "Srebrnic, Vojko"]
[Result "1-0"]
[WhiteElo "1829"]
[BlackElo "2063"]
[PlyCount "47"]
[EventDate "2022.10.07"]
[EventType "team-tourn"]
[EventRounds "9"]
[EventCountry "SLO"]
[SourceTitle "CBM 210 Extra"]
[Source "ChessBase"]
[SourceDate "2022.11.30"]
[SourceVersion "1"]
[SourceVersionDate "2022.11.30"]
[SourceQuality "1"]
[WhiteTeam "Kranj Stari Mayr"]
[BlackTeam "Ljubljana Tajfun"]
[WhiteTeamCountry "SLO"]
[BlackTeamCountry "SLO"]

1. e4 e5 2. Nf3 Nc6 3. Bb5 f5 4. d3 fxe4 5. dxe4 Nf6 6. 0-0 Bc5 7. Qd3 d6 8. Nc3 Bd7 9. Bg5 a6 10. Ba4 Nd4 11. Nxd4 Bxd4 12. Bb3 Bxc3 13. Qxc3 Bb5 14. Rfe1 Qe7 15. Qe3 Bd7 16. Rad1 Be6 17. f4 exf4 18. Qxf4 Bxb3 19. e5 Be6 20. exf6 gxf6 21. Bxf6 Qf7 22. Rxe6+ Qxe6 23. Bxh8 0-0-0 24. Bd4 1-0

[Event "SLO-chT1 West"]
[Site "Slovenia"]
[Date "2022.10.14"]
[Round "4.4"]
[White "Bratko, Ivan"]
[Black "Srebrnic, Vojko"]
[Result "1-0"]
[WhiteElo "2140"]
[BlackElo "2063"]
[PlyCount "80"]
[EventDate "2022.10.07"]
[EventType "team-tourn"]
[EventRounds "9"]
[EventCountry "SLO"]
[SourceTitle "CBM 210 Extra"]
[Source "ChessBase"]
[SourceDate "2022.11.30"]
[SourceVersion "1"]
[SourceVersionDate "2022.11.30"]
[SourceQuality "1"]
[WhiteTeam "Domzale Tajfun"]
[BlackTeam "Ljubljana Tajfun"]
[WhiteTeamCountry "SLO"]
[BlackTeamCountry "SLO"]

1. Nf3 c5 2. g3 Nc6 3. Bg2 g6 4. 0-0 Bg7 5. e4 d6 6. Nc3 e5 7. d3 Nge7 8. Nh4 0-0 9. f4 exf4 10. Bxf4 Nd4 11. Qd2 Be6 12. Nd5 Bxd5 13. exd5 Nef5 14. Nxf5 Nxf5 15. Rae1 Qc7 16. Bh3 Ne7 17. c4 Rae8 18. Qe2 h6 19. Qc2 Nc8 20. Re2 g5 21. Bc1 Rxe2 22. Qxe2 Ne7 23. Re1 Ng6 24. Bf5 Ne5 25. Bd2 Qd8 26. Bc3 Re8 27. Qh5 Re7 28. Rf1 Qe8 29. Kh1 Ng6 30. Be4 Bxc3 31. bxc3 Kg7 32. Qf3 Qd8 33. Qf6+ Kh7 34. Bf5 Qc7 35. h4 gxh4 36. gxh4 h5 37. Rg1 Qd8 38. Bxg6+ fxg6 39. Qxg6+ Kh8 40. Qf6+ Kh7 1-0

[Event "SLO-chT2 West"]
[Site "Komenda"]
[Date "2021.12.04"]
[Round "5.4"]
[White "Solmajer, Luka"]
[Black "Srebrnic, Vojko"]
[Result "1-0"]
[WhiteElo "1986"]
[BlackElo "2141"]
[PlyCount "83"]
[EventDate "2021.11.27"]
[EventType "team-tourn"]
[EventRounds "7"]
[EventCountry "SLO"]
[SourceTitle "EXT 2024"]
[Source "ChessBase"]
[SourceDate "2023.10.10"]
[SourceVersion "1"]
[SourceVersionDate "2023.10.10"]
[SourceQuality "1"]
[WhiteTeam "Ilirska Bistrica Rinex"]
[BlackTeam "Ljubljana SK"]
[WhiteTeamCountry "SLO"]
[BlackTeamCountry "SLO"]

1. d4 Nf6 2. c4 d6 3. Nf3 g6 4. g3 Bg7 5. Bg2 0-0 6. 0-0 Nbd7 7. Nc3 c6 8. b3 Re8 9. h3 e5 10. e4 exd4 11. Nxd4 Nc5 12. Re1 a5 13. Rb1 Nfd7 14. f4 Nf8 15. Be3 Nfe6 16. Qd2 Nxd4 17. Bxd4 Bxd4+ 18. Qxd4 Ne6 19. Qd2 Qf6 20. Rbd1 h5 21. e5 dxe5 22. Ne4 Qe7 23. fxe5 Kg7 24. Rf1 Rf8 25. Nd6 Nd8 26. Qc3 Be6 27. Rd2 h4 28. g4 Qg5 29. Rf6 c5 30. Ne4 Qh6 31. Nxc5 Rb8 32. Nd7 Bxd7 33. Rxd7 Qg5 34. Bd5 Kh6 35. e6 Nc6 36. Rfxf7 Rxf7 37. exf7 Ne5 38. Rxb7 Rf8 39. Rb5 Qf4 40. Rxa5 Nxf7 41. Bxf7 Qxf7 42. Qe3+ 1-0

[Event "SLO-chT Central 22nd"]
[Site "Slovenia"]
[Date "2021.09.16"]
[Round "1.1"]
[White "Srebrnic, Vojko"]
[Black "Skok, Boris"]
[Result "1-0"]
[WhiteElo "2186"]
[BlackElo "1889"]
[PlyCount "111"]
[EventDate "2021.09.16"]
[EventType "team-tourn"]
[EventRounds "7"]
[EventCountry "SLO"]
[SourceTitle "EXT 2024"]
[Source "ChessBase"]
[SourceDate "2023.10.10"]
[SourceVersion "1"]
[SourceVersionDate "2023.10.10"]
[SourceQuality "1"]
[WhiteTeam "Ljubljana SK"]
[BlackTeam "Crni Graben"]
[WhiteTeamCountry "SLO"]
[BlackTeamCountry "SLO"]

1. d4 Nf6 2. Bf4 d5 3. e3 c5 4. c3 Nc6 5. Nd2 Qb6 6. Qb3 e6 7. Ngf3 c4 8. Qc2 Be7 9. b3 cxb3 10. axb3 Bd7 11. Be2 0-0 12. 0-0 Rfc8 13. Rfc1 h6 14. h3 Be8 15. Qa2 Qd8 16. Ne5 Nxe5 17. Bxe5 Bd6 18. Bxd6 Qxd6 19. c4 Bc6 20. c5 Qf8 21. b4 a6 22. Qb2 Qe8 23. Ra5 Nd7 24. Rca1 Rab8 25. Qc3 Nf6 26. Bd3 Nd7 27. f4 f5 28. Nf3 Rc7 29. Qe1 Rbc8 30. Qh4 Nf6 31. Ne5 Bb5 32. Bxb5 axb5 33. Qe1 g5 34. Qf1 Rg7 35. R5a2 Kh7 36. Kh2 Qh5 37. g3 Rcg8 38. Qd1 Qe8 39. c6 bxc6 40. Ra7 gxf4 41. exf4 Ne4 42. R1a3 Qb8 43. Rxg7+ Rxg7 44. Qh5 Qf8 45. Rb3 Qa8 46. Qe2 Qa4 47. Qb2 Qa8 48. Ra3 Qe8 49. g4 fxg4 50. hxg4 Qf8 51. Rf3 Qe7 52. Rh3 Qf6 53. Qc1 Ra7 54. g5 Ra2+ 55. Kg1 Nxg5 56. Rh2 1-0

[Event "Trieste op 23rd"]
[Site "Trieste"]
[Date "2021.09.04"]
[Round "9"]
[White "Srebrnic, Vojko"]
[Black "Olenik Campa, Rudi"]
[Result "0-1"]
[WhiteElo "2186"]
[BlackElo "2144"]
[PlyCount "120"]
[EventDate "2021.08.28"]
[EventType "swiss"]
[EventRounds "9"]
[EventCountry "ITA"]
[SourceTitle "CBM 204 Extra"]
[Source "ChessBase"]
[SourceDate "2021.11.30"]
[SourceVersion "1"]
[SourceVersionDate "2021.11.30"]
[SourceQuality "1"]

1. d4 Nf6 2. Bf4 d5 3. e3 c5 4. c3 Nc6 5. Nd2 e6 6. Ngf3 cxd4 7. exd4 Nh5 8. Bg5 f6 9. Bh4 Bd6 10. Ne5 g6 11. Nd3 0-0 12. Be2 Ng7 13. Qb3 Qa5 14. f4 b5 15. Bf2 Bd7 16. 0-0 b4 17. Nc5 Bxc5 18. dxc5 bxc3 19. Qxc3 Qxc3 20. bxc3 e5 21. c4 d4 22. Rab1 Ne6 23. fxe5 fxe5 24. Ne4 Nf4 25. Bf3 Nh3+ 26. Kh1 Nxf2+ 27. Nxf2 Rac8 28. Kg1 Bf5 29. Rb7 Be6 30. Bd5 Bxd5 31. cxd5 Na5 32. Rb5 Nc4 33. Ne4 Rxf1+ 34. Kxf1 Ne3+ 35. Ke2 Nxd5 36. Kd3 Rc7 37. a4 Kf7 38. a5 Ke6 39. Rb8 h6 40. Re8+ Re7 41. Rg8 Kf7 42. Rb8 Ke6 43. Rd8 Rd7 44. Rg8 Kf7 45. Rh8 Ke6 46. Rxh6 Nf4+ 47. Kd2 Rb7 48. g3 Rb2+ 49. Kd1 Nd3 50. Nd2 Nxc5 51. Rxg6+ Kd5 52. h4 Ne4 53. Nxe4 Kxe4 54. h5 Kd3 55. Kc1 Rh2 56. g4 e4 57. h6 e3 58. g5 e2 59. Re6 Rh5 60. Kb2 Rxg5 0-1

[Event "Trieste op 23rd"]
[Site "Trieste"]
[Date "2021.09.01"]
[Round "6"]
[White "Mestek, Igor"]
[Black "Srebrnic, Vojko"]
[Result "1-0"]
[WhiteElo "2078"]
[BlackElo "2186"]
[PlyCount "63"]
[EventDate "2021.08.28"]
[EventType "swiss"]
[EventRounds "9"]
[EventCountry "ITA"]
[SourceTitle "CBM 204 Extra"]
[Source "ChessBase"]
[SourceDate "2021.11.30"]
[SourceVersion "1"]
[SourceVersionDate "2021.11.30"]
[SourceQuality "1"]

1. e4 c5 2. Nc3 Nc6 3. d3 g6 4. g3 Bg7 5. Bg2 d6 6. Be3 e5 7. Nge2 Nge7 8. Qd2 Be6 9. Bh6 Bxh6 10. Qxh6 Nd4 11. Rc1 Ng8 12. Qd2 h5 13. Nxd4 cxd4 14. Nd5 Bxd5 15. exd5 Ne7 16. 0-0 0-0 17. c4 b6 18. b4 Rc8 19. Bh3 f5 20. f4 Kg7 21. Rfe1 Qc7 22. Bg2 Rcd8 23. Re2 Rfe8 24. Qb2 Ng8 25. c5 bxc5 26. bxc5 dxc5 27. fxe5 Qb6 28. Qc2 Rc8 29. d6 Red8 30. Rb1 Qa5 31. Rb7+ Kf8 32. Qc4 1-0

[Event "Trieste op 23rd"]
[Site "Trieste"]
[Date "2021.08.31"]
[Round "5"]
[White "Srebrnic, Vojko"]
[Black "Della Sala, Bruno"]
[Result "1/2-1/2"]
[WhiteElo "2186"]
[BlackElo "2014"]
[PlyCount "113"]
[EventDate "2021.08.28"]
[EventType "swiss"]
[EventRounds "9"]
[EventCountry "ITA"]
[SourceTitle "CBM 204 Extra"]
[Source "ChessBase"]
[SourceDate "2021.11.30"]
[SourceVersion "1"]
[SourceVersionDate "2021.11.30"]
[SourceQuality "1"]

1. d4 Nf6 2. Bf4 c5 3. c3 Qb6 4. Qb3 cxd4 5. Qxb6 axb6 6. cxd4 Nc6 7. Nc3 Nxd4 8. 0-0-0 Ne6 9. Bg3 g6 10. e4 Bh6+ 11. Kb1 0-0 12. f3 d6 13. Bh4 Bg7 14. Nd5 Nxd5 15. exd5 g5 16. dxe6 gxh4 17. exf7+ Kxf7 18. Bc4+ Be6 19. Bxe6+ Kxe6 20. Nh3 Ra5 21. Rhe1+ Kd7 22. Re4 Rfa8 23. Rxh4 Rxa2 24. Rb4 Ra1+ 25. Kc2 Rxd1 26. Kxd1 Ra1+ 27. Kc2 Rh1 28. Rxb6 Kc7 29. Rb4 Rxh2 30. Rg4 Be5 31. b3 d5 32. Kd3 Kc6 33. Nf2 h5 34. Rg6+ Bf6 35. Ke2 Kc5 36. f4 Kb4 37. Kf3 Bd4 38. Kg3 Bxf2+ 39. Kxf2 Kxb3 40. Rb6+ Kc3 41. Rxb7 e5 42. fxe5 Rh4 43. Rc7+ Kd3 44. Rh7 Rf4+ 45. Kg3 Rf5 46. e6 Re5 47. e7 Ke3 48. Rxh5 Rxe7 49. Rxd5 Rg7+ 50. Kh3 Ke4 51. Ra5 Kf4 52. Rh5 Rg3+ 53. Kh2 Ra3 54. Rh3 Ra1 55. Rf3+ Kg4 56. Rg3+ Kh4 57. Rh3+ 1/2-1/2

[Event "Otocec Krka Terme op"]
[Site "Otocec"]
[Date "2021.07.09"]
[Round "8"]
[White "Zirkelbach, Maj"]
[Black "Srebrnic, Vojko"]
[Result "1-0"]
[WhiteElo "2278"]
[BlackElo "2191"]
[PlyCount "43"]
[EventDate "2021.07.03"]
[EventType "swiss"]
[EventRounds "9"]
[EventCountry "SLO"]
[SourceTitle "CBM 203 Extra"]
[Source "ChessBase"]
[SourceDate "2021.09.30"]
[SourceVersion "1"]
[SourceVersionDate "2021.09.30"]
[SourceQuality "1"]

1. d4 Nf6 2. c4 e6 3. Nf3 d5 4. Nc3 a6 5. cxd5 exd5 6. Bg5 Be6 7. e3 Nbd7 8. Bd3 Bd6 9. 0-0 h6 10. Bh4 0-0 11. Nd2 c5 12. dxc5 Nxc5 13. Bc2 Ncd7 14. f4 Nb6 15. Nf3 Nc4 16. Qe2 Qb6 17. Nd4 Qxb2 18. Qd3 Rfe8 19. Bxf6 gxf6 20. Nxd5 Bxd5 21. Qh7+ Kf8 22. Nf5 1-0

[Event "Otocec Krka Terme op"]
[Site "Otocec"]
[Date "2021.07.06"]
[Round "5"]
[White "Srebrnic, Vojko"]
[Black "Zupancic, Urban"]
[Result "1-0"]
[WhiteElo "2191"]
[BlackElo "2019"]
[PlyCount "103"]
[EventDate "2021.07.03"]
[EventType "swiss"]
[EventRounds "9"]
[EventCountry "SLO"]
[SourceTitle "CBM 203 Extra"]
[Source "ChessBase"]
[SourceDate "2021.09.30"]
[SourceVersion "1"]
[SourceVersionDate "2021.09.30"]
[SourceQuality "1"]

1. d4 Nf6 2. Nf3 g6 3. Bg5 Bg7 4. e3 0-0 5. Be2 d6 6. 0-0 Nbd7 7. c4 e5 8. Nc3 Re8 9. dxe5 dxe5 10. Qc2 c6 11. Rfd1 Qa5 12. Bh4 Nc5 13. Nd2 Bf5 14. e4 Bg4 15. f3 Bd7 16. Nb3 Nxb3 17. axb3 Qc7 18. c5 Be6 19. b4 Nd7 20. Bf2 Bf8 21. Na4 Rac8 22. b3 Be7 23. Nb2 b5 24. cxb6 axb6 25. Qc3 Red8 26. Nc4 f5 27. Bg3 f4 28. Bf2 b5 29. Nb2 Nf8 30. Ra7 Rxd1+ 31. Nxd1 Qd8 32. Qxe5 Bf6 33. Qxf4 Bxb3 34. Qc1 Bd4 35. Ra3 Bf7 36. Rd3 Bxf2+ 37. Nxf2 Qb6 38. Qe3 Qc7 39. Rc3 Qd6 40. Nd3 Ne6 41. Nc5 Ra8 42. Rc1 Ra2 43. Rd1 Qe5 44. Nxe6 Bxe6 45. Bf1 Bc4 46. Rd8+ Kf7 47. Qh6 Kf6 48. Qh4+ Kg7 49. Bxc4 bxc4 50. Rd7+ Kf8 51. Qd8+ Qe8 52. Qf6+ 1-0

[Event "SLO-chT Central 21st"]
[Site "Slovenia"]
[Date "2020.10.01"]
[Round "3.1"]
[White "Srebrnic, Vojko"]
[Black "Janzelj, Lara"]
[Result "1-0"]
[WhiteElo "2128"]
[BlackElo "2244"]
[PlyCount "135"]
[EventDate "2020.09.17"]
[EventType "team-swiss"]
[EventRounds "5"]
[EventCountry "SLO"]
[SourceTitle "EXT 2024"]
[Source "ChessBase"]
[SourceDate "2023.10.10"]
[SourceVersion "1"]
[SourceVersionDate "2023.10.10"]
[SourceQuality "1"]
[WhiteTeam "Klinicni Center"]
[BlackTeam "Ig"]
[WhiteTeamCountry "SLO"]
[BlackTeamCountry "SLO"]

1. d4 d5 2. Bf4 Nf6 3. e3 e6 4. c3 Bd6 5. Bg3 c5 6. Nd2 0-0 7. Ngf3 Nc6 8. Bd3 b6 9. e4 dxe4 10. Nxe4 Nxe4 11. Bxe4 Bb7 12. dxc5 Bxc5 13. 0-0 f5 14. Bc2 Qe8 15. b4 Be7 16. Bh4 Ne5 17. Nxe5 Bxh4 18. Qd7 Ba6 19. Rfd1 Bb5 20. Qxe8 Rfxe8 21. a4 Bf6 22. f4 Ba6 23. b5 Bb7 24. Bb3 Re7 25. Rac1 Bxe5 26. fxe5 Rc8 27. Rd6 Kf7 28. c4 Rc5 29. a5 bxa5 30. Ra1 Rxe5 31. Rxa5 Re2 32. Ra2 Re3 33. Rb2 Rc7 34. Kf2 Ke7 35. Rd1 Re4 36. Ra1 Bc8 37. Rba2 Kf6 38. Rxa7 Bb7 39. Rd1 Rf4+ 40. Ke3 Re4+ 41. Kf2 Rf4+ 42. Ke3 Ke5 43. Rd8 Re4+ 44. Kf2 Rg4 45. g3 f4 46. Rb8 fxg3+ 47. hxg3 Rf7+ 48. Ke1 Re4+ 49. Kd2 Rf2+ 50. Kc3 Re3+ 51. Kb4 Be4 52. Ra2 Rf1 53. Rb2 Rxg3 54. c5 Rc1 55. Re8 Bf5 56. c6 Rgc3 57. Re2+ Kd6 58. R2xe6+ Bxe6 59. Rxe6+ Kc7 60. Re7+ Kb8 61. Rxg7 Rh3 62. Bd5 Re3 63. Ka5 Re8 64. Kb6 Rd8 65. Rb7+ Ka8 66. Ra7+ Kb8 67. c7+ Rxc7 68. Ra8# 1-0

[Event "SLO-chT Central 21st"]
[Site "Slovenia"]
[Date "2020.09.24"]
[Round "2.1"]
[White "Srebrnic, Vojko"]
[Black "Mihelic, Vesna"]
[Result "1-0"]
[WhiteElo "2128"]
[BlackElo "1975"]
[PlyCount "111"]
[EventDate "2020.09.17"]
[EventType "team-swiss"]
[EventRounds "5"]
[EventCountry "SLO"]
[SourceTitle "EXT 2024"]
[Source "ChessBase"]
[SourceDate "2023.10.10"]
[SourceVersion "1"]
[SourceVersionDate "2023.10.10"]
[SourceQuality "1"]
[WhiteTeam "Klinicni Center"]
[BlackTeam "Menges Trzin II"]
[WhiteTeamCountry "SLO"]
[BlackTeamCountry "SLO"]

1. d4 d5 2. Bf4 Nf6 3. e3 e6 4. c3 Bd6 5. Bg3 0-0 6. Nd2 b6 7. Ngf3 Bb7 8. Bd3 c5 9. Qe2 Nc6 10. Rd1 Rc8 11. 0-0 Bxg3 12. hxg3 Qe7 13. Ne5 h6 14. f4 Nxe5 15. dxe5 Nd7 16. e4 Rfd8 17. exd5 exd5 18. Rfe1 Re8 19. Qg4 Nf8 20. Nf3 Rcd8 21. Nh4 Bc8 22. Qh5 c4 23. Bb1 Qc5+ 24. Kh2 d4 25. cxd4 Rxd4 26. Rxd4 Qxd4 27. Qe2 Rd8 28. Nf3 Qc5 29. Rc1 b5 30. Qe4 Qd5 31. Qxd5 Rxd5 32. Be4 Rd8 33. f5 g6 34. g4 a5 35. Kg3 Ba6 36. Kf4 gxf5 37. gxf5 b4 38. Ke3 Nh7 39. Rh1 Ng5 40. Nxg5 hxg5 41. Rh5 Rd1 42. Rxg5+ Kf8 43. Rh5 c3 44. bxc3 bxc3 45. f6 Kg8 46. Bh7+ Kf8 47. Bc2 Re1+ 48. Kd4 Ke8 49. Kxc3 Kd7 50. Ba4+ Kc7 51. Bb3 Re3+ 52. Kd4 Rd3+ 53. Ke4 Rd7 54. Rg5 Bb7+ 55. Ke3 Kb6 56. Rg7 1-0

[Event "SLO-chT Central 21st"]
[Site "Slovenia"]
[Date "2020.09.17"]
[Round "1.1"]
[White "Navinsek, Thomaz"]
[Black "Srebrnic, Vojko"]
[Result "1/2-1/2"]
[WhiteElo "2275"]
[BlackElo "2128"]
[PlyCount "46"]
[EventDate "2020.09.17"]
[EventType "team-swiss"]
[EventRounds "5"]
[EventCountry "SLO"]
[SourceTitle "EXT 2024"]
[Source "ChessBase"]
[SourceDate "2023.10.10"]
[SourceVersion "1"]
[SourceVersionDate "2023.10.10"]
[SourceQuality "1"]
[WhiteTeam "Crni Graben"]
[BlackTeam "Klinicni Center"]
[WhiteTeamCountry "SLO"]
[BlackTeamCountry "SLO"]

1. Nf3 c5 2. g3 Nc6 3. Bg2 g6 4. 0-0 Bg7 5. c4 d6 6. Nc3 e5 7. Ne1 Nge7 8. Nc2 Be6 9. Ne3 0-0 10. Ned5 Rb8 11. d3 h6 12. Rb1 a6 13. b4 cxb4 14. Nxb4 Nxb4 15. Rxb4 d5 16. cxd5 Nxd5 17. Nxd5 Bxd5 18. a4 Bxg2 19. Kxg2 b5 20. axb5 Rxb5 21. Rxb5 axb5 22. Qb3 Qa8+ 23. e4 Rb8 1/2-1/2